000 00840nam a2200277Ia 4500
003 OSt
005 20221006160014.0
006 a|||||r|||| 00| 0
007 ta
008 221006b |||||||| |||| 00| 0 eng d
020 _a9788970841915
_c
_212.54 (each)
024 _a44,044
037 _bGift, Korean Embassy (Window on Korea)
_cTextual
040 _aEASL
_cEASL
_beng
041 _2eng
_aeng
082 _aNQ495g, P2
100 _aPak Youngsook
_9671441
245 0 _aEarthenware and celadon
260 _aSeoul
_bYekyong Korea
_c2002
300 _a280p.
_ccm.
490 _v KEL
_aHandbook of Korean Art
650 _aKEL
700 _a Whitfield Roderick
_9596317
942 _hNQ495g, P2
_cTEXL
_2CC
999 _c1112136
_d1112136